000 00655nam a2200265Ia 4500
005 20260121173625.0
008 008 260114s9999 xx 000 0 eng d
020 _a9783319112541
037 _aEBOOK
040 _aCRL
040 _beng
040 _cCRL
041 _2eng
041 _aeng
084 _qCRL
100 _aPeter D. Johnson Guangyong Xu Wei-Guo Yin
_91103176
245 0 _aIron-Based Superconductivity
260 _bSpringer
260 _bSpringer
260 _c2015
856 _uhttps://link.springer.com/openurl?genre=book&isbn=978-3-319-11254-1
942 _cEBOOK
999 _c1668921
_d1668921